[Event "EIWCC 2017"]
[Site "Riga"]
[Date "2017.04.19"]
[Round "8"]
[White "Melia, Salome"]
[Black "Cosma, Elena-Luminita"]
[Result "1-0"]
[WhiteElo "2400"]
[BlackElo "2316"]
[Annotator "ChessBase"]
[PlyCount "125"]
[EventDate "2017.??.??"]
[EventType "swiss"]
[EventCountry "LAT"]
[SourceTitle "playchess.com"]
[Source "ChessBase"]
[SourceQuality "1"]
[TimeControl "40/5400+30:1800+30"]

1. Nf3 {[%emt 0:00:00]} Nf6 {[%emt 0:00:25]} 2. g3 {[%emt 0:00:00]} b6 {[%emt 0:00:20]} 3. Bg2 {[%emt 0:00:45]} Bb7 {[%emt 0:00:05]} 4. d4 {[%emt 0:00:17]} e6 {[%emt 0:04:20]} 5. O-O {[%emt 0:00:13]} Be7 {[%emt 0:00:22]} 6. c4 {[%emt 0:01:43]} O-O {[%emt 0:00:12]} 7. Qc2 {[%emt 0:02:34]} d6 {[%emt 0:03:39]} 8. Nc3 {[%emt 0:03:00]} Nbd7 {[%emt 0:01:07]} 9. Rd1 {[%emt 0:02:19]} c5 {[%emt 0:02:02]} 10. e4 {[%emt 0:05:52]} cxd4 {[%emt 0:03:12]} 11. Nxd4 {[%emt 0:01:04]} Qc8 {[%emt 0:05:02]} 12. Ndb5 {[%emt 0:19:31]} Ne5 {[%emt 0:28:15]} 13. b3 {[%emt 0:02:25]} Rd8 {[%emt 0:00:16]} 14. Ba3 {[%emt 0:03:28]} Ne8 {[%emt 0:06:09]} 15. Rac1 {[%emt 0:04:52]} a6 {[%emt 0:04:17]} 16. Nd4 {[%emt 0:00:10]} Qc7 {[%emt 0:00:21]} 17. f4 {[%emt 0:03:42]} Nc6 {[%emt 0:03:01]} 18. Nf3 {[%emt 0:05:03]} b5 {[%emt 0:06:42]} 19. cxb5 {[%emt 0:06:04]} axb5 {[%emt 0:00:02]} 20. Bb2 {[%emt 0:00:25]} Nf6 {[%emt 0:11:14]} 21. Kh1 {[%emt 0:08:03]} Qb6 {[%emt 0:01:22]} 22. h3 {[%emt 0:06:00]} Nb4 {[%emt 0:00:39]} 23. Qe2 {[%emt 0:03:06]} Nxa2 {[%emt 0:01:23]} 24. Nxa2 {[%emt 0:01:42]} Rxa2 {[%emt 0:00:01]} 25. Bd4 {[%emt 0:04:35]} Qa6 {[%emt 0:00:41]} 26. Nd2 {[%emt 0:00:19]} h6 {[%emt 0:09:10]} 27. Rc7 {[%emt 0:03:59]} Rd7 {[%emt 0:01:01]} 28. Rcc1 {[%emt 0:01:44]} d5 {[%emt 0:03:09]} 29. Bxf6 {[%emt 0:05:06]} Bxf6 {[%emt 0:00:08]} 30. e5 {[%emt 0:00:12]} Be7 {[%emt 0:00:40]} 31. Qd3 {[%emt 0:01:02]} Qb6 {[%emt 0:02:15]} 32. Ra1 {[%emt 0:02:25]} Rxa1 {[%emt 0:00:13]} 33. Rxa1 {[%emt 0:00:05]} Rc7 {[%emt 0:00:22]} 34. f5 {[%emt 0:02:51]} exf5 {[%emt 0:02:16]} 35. Qxf5 {[%emt 0:00:51]} Bc8 {[%emt 0:02:46]} 36. Qd3 {[%emt 0:01:12]} d4 {[%emt 0:00:40]} 37. Kh2 {[%emt 0:00:56]} Bf8 {[%emt 0:00:35]} 38. Nf3 {[%emt 0:00:41]} Rd7 {[%emt 0:00:31]} 39. Rd1 {[%emt 0:00:31]} Bb7 {[%emt 0:00:22]} 40. Qf5 {[%emt 0:00:00]} Rd8 {[%emt 0:00:17]} 41. Rd3 {[%emt 0:06:28]} Bb4 {[%emt 0:05:16]} 42. Qg4 {[%emt 0:02:03]} Bc3 {[%emt 0:06:02]} 43. Nh4 {[%emt 0:01:04]} Bc8 {[%emt 0:00:54]} 44. Nf5 {[%emt 0:10:47]} Bxf5 {[%emt 0:00:06]} 45. Qxf5 {[%emt 0:00:04]} b4 {[%emt 0:08:47]} 46. Be4 {[%emt 0:00:24]} g6 {[%emt 0:00:29]} 47. Qg4 {[%emt 0:01:33]} Re8 {[%emt 0:01:29]} 48. Qf4 {[%emt 0:04:38]} Qe6 {[%emt 0:08:50]} 49. Rf3 {[%emt 0:01:07]} Re7 {[%emt 0:00:59]} 50. Qxh6 {[%emt 0:03:43]} Qxe5 {[%emt 0:01:19]} 51. Bd3 {[%emt 0:02:00]} Qd5 {[%emt 0:01:33]} 52. Qf4 {[%emt 0:02:37]} Qxb3 {[%emt 0:00:26]} 53. h4 {[%emt 0:00:38]} Qe6 {[%emt 0:00:20]} 54. h5 {[%emt 0:00:29]} Qe5 {[%emt 0:00:28]} 55. Qxe5 {[%emt 0:00:32]} Rxe5 {[%emt 0:00:01]} 56. hxg6 {[%emt 0:00:08]} fxg6 {[%emt 0:00:02]} 57. Bxg6 {[%emt 0:00:40]} Kg7 {[%emt 0:01:47]} 58. Bf7 {[%emt 0:00:39]} Re2+ {[%emt 0:00:34]} 59. Kh3 {[%emt 0:00:11]} Rb2 {[%emt 0:00:26]} 60. Bc4 {[%emt 0:00:44]} Rb1 {[%emt 0:00:03]} 61. Rf7+ {[%emt 0:00:19]} Kh6 {[%emt 0:00:29]} 62. Kg4 {[%emt 0:00:43]} Rg1 {[%emt 0:00:53]} 63. Bd3 {[%emt 0:00:22]} 1-0

[Event "EIWCC 2017"]
[Site "Riga"]
[Date "2017.04.19"]
[Round "8"]
[White "Houska, Jovanka"]
[Black "Ambartsumova, Karina"]
[Result "0-1"]
[WhiteElo "2397"]
[BlackElo "2282"]
[Annotator "NA"]
[PlyCount "74"]
[EventDate "2017.??.??"]
[EventType "swiss"]
[EventCountry "LAT"]
[SourceTitle "playchess.com"]
[Source "ChessBase"]
[SourceQuality "1"]
[TimeControl "40/5400+30:1800+30"]

{[%evp 10,48,29,33,48,41,47,26,25,24,30,0,38,25,43,26,16,-16,-7,32767,-21,-23,-22,-20,0,-5,-3,-9,0,-20,0,-13,0,-20,-17,0,0,-39,-53,32767,-29]} 1. d4 {[%emt 0:00:00]} Nf6 {[%emt 0:00:26]} 2. Nf3 {[%emt 0:00:00]} g6 {[%emt 0:00:33]} 3. c4 {[%emt 0:00:16]} Bg7 {[%emt 0:00:37]} 4. g3 {[%emt 0:00:05]} O-O {[%emt 0:00:31]} 5. Bg2 {[%emt 0:00:02]} d6 {[%emt 0:00:51]} 6. O-O {[%emt 0:00:06]} Nc6 {[%emt 0:00:36]} 7. Nc3 {[%emt 0:00:06]} Bf5 {[%emt 0:00:33] LiveBook: 1228 Games} 8. Be3 {[%emt 0:04:34] E62: King's Indian: Fianchetto: 6...c6 and Panno Variation (6...Nc6) without ...a6} (8. Bg5 Ne4 9. Nxe4 Bxe4 10. d5 Na5 11. b3 c5 12. Rc1 Re8 13. Qd2 a6 14. Bh3 Bxf3 15. exf3 b5 16. Rfe1 bxc4 17. bxc4 {1-0 (62) Aronian,L (2785)-Fressinet,L (2672) Doha 2016}) 8... e5 {[%emt 0:08:37]} 9. d5 {[%emt 0:08:36]} Ne7 {[%emt 0:02:46]} 10. Qc1 $146 {[%emt 0:08:13]} (10. Ng5 Nd7 11. Nge4 b6 12. Qd2 Nc5 13. Nxc5 bxc5 14. Bh6 Qd7 15. Bxg7 Kxg7 {1-0 (38) Kovacs,I (1816)-Schneberger,M Szekesfehervar 2014}) 10... Qd7 {[%emt 0:14:51]} 11. Ne1 {[%emt 0:12:53]} c6 {[%emt 0:22:00]} 12. Bg5 {[%emt 0:05:48]} cxd5 {[%emt 0:06:19]} 13. Bxf6 {[%emt 0:01:18]} Bxf6 {[%emt 0:00:03]} 14. Nxd5 {[%emt 0:00:06]} Nxd5 {[%emt 0:00:21]} 15. Bxd5 {[%emt 0:00:05]} Rac8 {[%emt 0:02:06]} 16. Qd2 {[%emt 0:03:22]} b5 {[%emt 0:03:15]} 17. cxb5 {[%emt 0:04:21]} Qxb5 {[%emt 0:00:39]} 18. e4 {[%emt 0:01:10]} Bd7 {[%emt 0:14:19]} 19. Nd3 {[%emt 0:05:58]} Be6 {[%emt 0:03:28]} 20. a4 {[%emt 0:09:12]} Qb6 {[%emt 0:02:05]} 21. Bxe6 {[%emt 0:11:25]} fxe6 {[%emt 0:00:01]} 22. b4 {[%emt 0:01:46]} Qd4 {[%emt 0:01:41]} 23. Rfe1 {[%emt 0:00:32]} Rc3 {[%emt 0:03:29]} 24. Rad1 {[%emt 0:00:41]} Be7 $11 {[%emt 0:03:48]} 25. Kg2 {[%emt 0:05:03]} Kg7 {[%emt 0:03:10]} 26. h4 {[%emt 0:00:35]} Rxd3 {[%emt 0:02:52]} 27. Qxd3 {[%emt 0:00:56]} Qxf2+ {[%emt 0:00:02]} 28. Kh1 {[%emt 0:02:53]} Rf3 {[%emt 0:00:04]} 29. Qe2 {[%emt 0:00:16]} Qxg3 {[%emt 0:00:10]} 30. Qh2 {[%emt 0:00:04]} Qg4 {[%emt 0:00:21]} 31. Rg1 {[%emt 0:04:24]} Qxe4 {[%emt 0:00:03]} 32. Rg2 {[%emt 0:00:03]} Bxh4 {[%emt 0:03:37]} 33. Rc1 {[%emt 0:02:04]} Bd8 {[%emt 0:01:53]} 34. a5 {[%emt 0:01:18]} Qe3 {[%emt 0:00:13]} 35. Qg1 {[%emt 0:00:26]} Rh3+ {[%emt 0:00:18]} 36. Rh2 {[%emt 0:00:04]} Qf3+ {[%emt 0:00:23]} 37. Qg2 {[%emt 0:00:30]} Rxh2+ {[%emt 0:00:07]} 0-1

[Event "EIWCC 2017"]
[Site "Riga"]
[Date "2017.04.19"]
[Round "8"]
[White "Bulmaga, Irina"]
[Black "Arakhamia-Grant, Ketevan"]
[Result "1-0"]
[WhiteElo "2394"]
[BlackElo "2374"]
[Annotator "NA"]
[PlyCount "85"]
[EventDate "2017.??.??"]
[EventType "swiss"]
[EventCountry "LAT"]
[SourceTitle "playchess.com"]
[Source "ChessBase"]
[SourceQuality "1"]
[TimeControl "40/5400+30:1800+30"]

{[%evp 8,77,17,24,34,35,33,37,30,25,22,12,17,14,41,15,8,-22,8,10,12,22,41,43,91,92,100,93,104,81,132,90,116,92,110,133,164,164,184,176,221,164,151,170,32767,32767,32767,32767,222,235,264,32767,32767,298,302,32767,32767,32767,431,466,468,32767,32767,32767,32767,575,32767,32767,32767,32767,849,1128]} 1. d4 {[%emt 0:00:00]} Nf6 {[%emt 0:00:43]} 2. Nf3 {[%emt 0:00:00]} g6 {[%emt 0:01:06]} 3. g3 {[%emt 0:00:00]} Bg7 {[%emt 0:01:04]} 4. Bg2 {[%emt 0:00:00]} c5 {[%emt 0:07:55]} 5. d5 {[%emt 0:02:55] A49: 1 d4 Nf6 2 Nf3 g6 3 g3: Anti-King's Indian systems} (5. c4 cxd4 6. Nxd4 O-O 7. Nc3 Nc6 8. O-O Qa5 9. e3 d6 10. Bd2 Qc5 11. Nxc6 bxc6 12. b3 d5 13. cxd5 cxd5 14. Rc1 Qd6 15. e4 Bg4 16. Qe1 dxe4 17. Nxe4 Nxe4 {1-0 (57) Vachier Lagrave,M (2811)-Ragger,M (2694) Novi Sad 2016}) 5... d6 {[%emt 0:00:49]} 6. c4 {[%emt 0:00:17]} b5 {[%emt 0:02:05]} 7. cxb5 {[%emt 0:03:26]} Qa5+ {[%emt 0:00:24]} 8. Nfd2 {[%emt 0:03:11]} Qxb5 {[%emt 0:03:32]} 9. Nc3 {[%emt 0:00:12]} Qa6 {[%emt 0:06:56] LiveBook: 5 Games} 10. O-O {[%emt 0:02:13]} O-O {[%emt 0:00:09]} 11. Re1 {[%emt 0:05:38]} Nbd7 {[%emt 0:00:56]} 12. Qc2 $146 {[%emt 0:09:00]} Rb8 {[%emt 0:07:32]} 13. b3 {[%emt 0:07:43]} e6 {[%emt 0:04:12]} 14. Bb2 {[%emt 0:01:38]} Nb6 {[%emt 0:05:29]} 15. dxe6 {[%emt 0:03:24]} fxe6 {[%emt 0:10:59]} 16. Nce4 {[%emt 0:01:54]} Nbd5 {[%emt 0:10:39]} 17. Nxf6+ {[%emt 0:07:57]} Bxf6 {[%emt 0:00:56]} 18. Bxf6 {[%emt 0:10:40]} Rxf6 {[%emt 0:00:37]} 19. Ne4 {[%emt 0:02:01]} Rf8 {[%emt 0:00:50]} 20. Red1 {[%emt 0:00:18]} Bb7 {[%emt 0:02:38]} 21. Ng5 {[%emt 0:07:43]} Rbe8 {[%emt 0:02:52]} 22. Qc4 {[%emt 0:02:22]} Rf5 {[%emt 0:13:18]} 23. Qh4 {[%emt 0:09:30]} ({Not} 23. Bxd5 exd5 24. Qh4 Re7 $17) 23... Nf6 {[%emt 0:03:53]} 24. Bxb7 {[%emt 0:03:26]} Qxb7 {[%emt 0:00:10]} 25. Rxd6 {[%emt 0:01:20]} Rxg5 {[%emt 0:01:51]} 26. Qxg5 {[%emt 0:00:07]} Ne4 {[%emt 0:00:07]} 27. Qe5 {[%emt 0:00:26]} Nxd6 {[%emt 0:00:10]} 28. Qxd6 {[%emt 0:00:06]} Qe4 {[%emt 0:04:00]} 29. Qxc5 {[%emt 0:01:33]} Qxe2 {[%emt 0:00:15]} 30. Qxa7 {[%emt 0:00:10]} e5 {[%emt 0:00:34]} 31. Qe3 {[%emt 0:02:27]} Qc2 {[%emt 0:03:05]} 32. Qc1 {[%emt 0:00:20]} Qf5 {[%emt 0:00:52]} 33. a4 {[%emt 0:00:29]} e4 {[%emt 0:01:40]} 34. Qc4+ {[%emt 0:01:45]} Kg7 {[%emt 0:00:37]} 35. Qd4+ {[%emt 0:00:37]} Kh6 {[%emt 0:00:16]} 36. Re1 {[%emt 0:00:18]} g5 {[%emt 0:03:02]} 37. b4 {[%emt 0:01:08]} Kg6 {[%emt 0:01:35]} 38. b5 {[%emt 0:00:44]} h5 {[%emt 0:00:28]} 39. Rc1 $18 {[%emt 0:01:18]} h4 {[%emt 0:00:39]} 40. Rc6+ {[%emt 0:00:00]} Re6 {[%emt 0:01:01]} 41. Qd7 {[%emt 0:01:57]} Rxc6 {[%emt 0:01:57]} 42. Qxf5+ {[%emt 0:00:07]} Kxf5 {[%emt 0:00:04]} 43. bxc6 {[%emt 0:00:06]} 1-0

[Event "EIWCC 2017"]
[Site "Riga"]
[Date "2017.04.19"]
[Round "8"]
[White "Ziaziulkina, Nastassia"]
[Black "Abdulla, Khayala"]
[Result "1/2-1/2"]
[WhiteElo "2387"]
[BlackElo "2241"]
[Annotator "TA"]
[PlyCount "37"]
[EventDate "2017.??.??"]
[EventType "swiss"]
[EventCountry "LAT"]
[SourceTitle "playchess.com"]
[Source "ChessBase"]
[SourceQuality "1"]

{[%evp 16,37,0,-6,-7,-4,0,-26,45,9,12,16,13,15,30,13,9,0,4,0,7,-6,-6,-10]} 1. e4 c6 2. d4 d5 3. exd5 cxd5 4. Bd3 Nf6 5. c3 Nc6 6. Nf3 Bg4 7. Nbd2 e6 8. O-O Bd6 9. Re1 O-O {B13: Caro-Kann: Exchange Variation and Panov-Botvinnik Attack} 10. Nf1 Qc7 11. Ng3 Bf4 $146 ({Black should play} 11... Rae8 $11) (11... e5 12. dxe5 Nxe5 13. Be2 Rae8 14. Nd4 Qb6 15. Bg5 Bxe2 16. Rxe2 Ne4 17. Nxe4 dxe4 18. Rxe4 Qxb2 {½-½ (31) Adly,A (2586)-Nisipeanu,L (2684) Dresden 2008}) 12. h3 {[#] And now Bxf4 would win.} Bxf3 13. Qxf3 Bxc1 14. Raxc1 Rac8 15. Qe3 Rfe8 {The position is equal.} 16. Bb1 Na5 17. Qd3 g6 18. Qf3 Kg7 19. Bd3 1/2-1/2

[Event "EIWCC 2017"]
[Site "Riga"]
[Date "2017.04.19"]
[Round "8"]
[White "Charochkina, Daria"]
[Black "Isgandarova, Khayala"]
[Result "1-0"]
[WhiteElo "2381"]
[BlackElo "2211"]
[Annotator "NA"]
[PlyCount "73"]
[EventDate "2017.??.??"]
[EventType "swiss"]
[EventCountry "LAT"]
[SourceTitle "playchess.com"]
[Source "ChessBase"]
[SourceQuality "1"]
[TimeControl "40/5400+30:1800+30"]

{[%evp 8,73,0,5,38,18,29,15,19,45,47,35,49,36,47,50,69,18,40,-20,-21,-51,-35,-64,-42,-88,324,32767,32767,32767,32767,447,577,375,291,32767,32767,338,301,340,381,387,32767,32767,32767,32767,467,818,816,32767,32767,32767,32767,787,32767,32767,1334,32767,32767,32767,32767,32767,32767,1497,1411,32767,5285,6211]} 1. d4 {[%emt 0:00:00]} Nf6 {[%emt 0:00:13]} 2. Bf4 {[%emt 0:00:00]} g6 {[%emt 0:00:06]} 3. Nc3 {[%emt 0:00:00]} d5 {[%emt 0:01:20] A45: Trompowsky Attack} 4. e3 {[%emt 0:00:06]} Bg7 {[%emt 0:00:12]} 5. h4 {[%emt 0:00:22]} c5 {[%emt 0:10:03]} (5... h5 6. Nf3 Bg4 7. Be2 c6 8. Ne5 Bxe2 9. Qxe2 Nbd7 10. O-O-O Nxe5 11. Bxe5 {1-0 (49) Karjakin,S (2785)-Li,C (2720) Doha 2016}) 6. Nb5 {[%emt 0:01:46]} Na6 $1 {[%emt 0:00:14] LiveBook: 6 Games} 7. c3 {[%emt 0:00:11]} O-O {[%emt 0:03:21]} 8. Be2 {[%emt 0:00:19]} h5 {[%emt 0:00:17]} 9. Nf3 {[%emt 0:01:08]} Ng4 {[%emt 0:11:38]} 10. a4 $146 {[%emt 0:11:03]} (10. Ne5 Nxe5 11. dxe5 {1-0 (40) Tologontegin,S (2354)-Nedev,T (2484) Tromsoe 2014}) 10... Bd7 {[%emt 0:09:15]} 11. O-O {[%emt 0:07:54]} Qb6 {[%emt 0:19:28]} 12. a5 {[%emt 0:19:26]} Qc6 {[%emt 0:01:05]} 13. c4 {[%emt 0:03:03]} dxc4 {[%emt 0:05:35]} 14. Bxc4 {[%emt 0:01:06]} cxd4 {[%emt 0:03:40]} 15. Rc1 {[%emt 0:00:14]} dxe3 {[%emt 0:03:52]} 16. fxe3 {[%emt 0:09:02] [#]} e5 $2 {[%emt 0:06:04]} (16... Be6 $1 $17 {[%cal Re6c4] keeps the pressure on.} 17. Bd3 Qd5) 17. Bxf7+ {[%emt 0:12:23]} Rxf7 {[%emt 0:00:06]} 18. Rxc6 {[%emt 0:00:03]} Bxc6 {[%emt 0:00:13]} 19. Nd6 {[%emt 0:02:18]} exf4 {[%emt 0:17:55]} (19... Rc7 {is a better defense.} 20. Bg3 Nc5) 20. Qb3 {[%emt 0:04:17]} Raf8 {[%emt 0:00:27]} 21. Nxf7 {[%emt 0:02:44]} Nc5 {[%emt 0:00:19]} 22. Qc4 {[%emt 0:04:48]} Nxe3 {[%emt 0:01:46]} 23. Qxc5 {[%emt 0:00:06]} Nxf1 {[%emt 0:00:23]} 24. N7g5 {[%emt 0:09:41]} ({Less strong is} 24. Kxf1 Rxf7 25. Ng5 (25. Qxa7 Bf6 26. b4 Kg7 $16) 25... Rf5 26. Qxa7 f3 27. gxf3 Bxf3 28. Qb8+ (28. Nxf3 Rxf3+ 29. Ke1 Rf7 $16) 28... Rf8 $18) 24... Bxf3 {[%emt 0:02:23]} 25. gxf3 {[%emt 0:01:51]} Ng3 {[%emt 0:00:05]} 26. Qc4+ {[%emt 0:04:05]} Kh8 {[%emt 0:00:31]} 27. Qe6 {[%emt 0:00:14]} Bf6 {[%emt 0:00:55]} 28. Qd6 {[%emt 0:00:56]} Kg8 {[%emt 0:01:27]} 29. Qd5+ {[%emt 0:00:53]} Kh8 {[%emt 0:00:10]} 30. Qxb7 {[%emt 0:02:30]} Bxg5 {[%emt 0:00:24]} 31. hxg5 {[%emt 0:00:02]} Rf5 {[%emt 0:00:26]} 32. Qb8+ {[%emt 0:00:54]} Kg7 {[%emt 0:00:27]} 33. Qxa7+ {[%emt 0:00:06]} Rf7 {[%emt 0:00:23]} 34. Qd4+ {[%emt 0:00:04]} Kh7 {[%emt 0:00:02]} 35. Qc4 {[%emt 0:00:22]} Re7 {[%emt 0:00:42]} 36. Qb4 {[%emt 0:01:21]} Re3 {[%emt 0:00:39]} 37. a6 $18 {[%emt 0:01:06]} 1-0

[Event "EIWCC 2017"]
[Site "Riga"]
[Date "2017.04.19"]
[Round "8"]
[White "Osmanodja, Filiz"]
[Black "Drljevic, Ljilja"]
[Result "0-1"]
[WhiteElo "2370"]
[BlackElo "2237"]
[Annotator "NA"]
[PlyCount "95"]
[EventDate "2017.??.??"]
[EventType "swiss"]
[EventCountry "LAT"]
[SourceTitle "playchess.com"]
[Source "ChessBase"]
[SourceQuality "1"]

{[%evp 7,95,-10,15,11,23,4,16,18,21,9,19,20,16,22,20,8,35,14,20,16,43,25,42,35,42,42,43,42,53,26,21,29,46,41,54,55,95,95,97,91,118,120,120,117,201,211,29994,204,208,121,112,112,130,111,121,132,319,162,183,101,101,79,79,79,79,79,79,79,94,89,256,87,115,0,256,256,252,79,79,79,152,163,1229,1064,29977,29977,29990,29991,29991,29990]} 1. d4 d5 2. g3 Nf6 3. Bg2 e6 4. Nf3 b5 {LiveBook: 439 Games} 5. Nc3 {A46: 1 d4 Nf6 2 Nf3 e6: Torre, London and Colle Systems} (5. O-O c5 6. a4 b4 7. c4 bxc3 8. Nxc3 Bb7 9. Bf4 Be7 10. Nb5 Na6 11. dxc5 Bxc5 12. Nfd4 O-O 13. Nb3 {½-½ (54) Adly,A (2599)-Jakovenko,D (2704) Doha 2016}) 5... a6 6. O-O Bb7 7. e4 $146 {The position is equal.} (7. Bg5 Nbd7 8. Re1 Be7 9. Nd2 c5 10. e3 O-O 11. Ne2 {½-½ (27) Nikolic,S (2372)-Milov,L (2473) Germany 2001}) 7... dxe4 8. Ng5 {[%cal Rg5e4]} Be7 9. Ngxe4 Nxe4 10. Nxe4 O-O 11. Bf4 Bd5 12. c3 Nd7 13. Re1 Rc8 14. a4 Nf6 15. Qd3 (15. Qe2 $5 {feels hotter.} Nxe4 16. Bxe4 Bxe4 17. Qxe4 Bd6 18. b4) 15... Nxe4 16. Bxe4 Bxe4 17. Qxe4 Bd6 18. axb5 axb5 19. Ra5 Rb8 20. Rea1 Qd7 21. Ra7 Bxf4 22. Qxf4 ({Reject} 22. gxf4 $6 b4 $11) 22... Rfc8 23. R1a6 h6 24. b4 Qd5 25. Rxc7 e5 (25... Rxc7 $16 {might work better.} 26. Qxc7 Ra8) 26. Qxe5 Qf3 $2 {[#]} (26... Qxe5 $18 27. Rxc8+ Rxc8 28. dxe5 Kf8) 27. Raa7 $2 (27. Rg6 $1 {[%mdl 512] mates} Qd1+ (27... fxg6 28. Qxg7#) 28. Kg2 Qh1+ 29. Kxh1 f6 30. Rgxg7+ Kh8 31. Qxf6 Rxc7 32. Qxh6#) 27... Rxc7 $18 28. Qxc7 {[%mdl 4096] Endgame KQR-KQR} (28. Rxc7 $18 {Black must now prevent Rc5.} Ra8 29. Qe1) 28... Re8 $16 {[%cal Re8e1]} 29. Ra1 h5 30. h4 Re2 31. Rf1 {Hoping for Qb8+.} Qd3 $2 (31... Rc2 $16 32. Qb8+ Kh7 33. Qxb5 Rxc3) 32. Qc8+ (32. Qd8+ $142 Kh7 33. Qd5) 32... Kh7 $18 33. Qc5 (33. Qb7 $18) 33... g6 $16 34. Qf8 Qf3 35. Qc8 Rc2 36. Qd7 Rxc3 37. Qxb5 Rd3 38. Qe5 Qg4 $2 (38... Rb3 $16) 39. Qc7 $2 (39. Ra1 $18 {White wants to mate with Ra8.} Qxd4 40. Qxd4 Rxd4 41. Rb1 (41. b5 Rb4 $16)) 39... Kg7 40. Qe5+ (40. Rb1 $16) 40... Kh7 $18 41. Ra1 {Threatening mate with Ra8.} Qf3 {[#]} 42. b5 $2 (42. Rb1 $1 $18) 42... Rb3 $16 43. Qc5 Rb2 (43... Qb7 $142) 44. d5 {And now d6 would win.} g5 $2 (44... Qd3) 45. hxg5 $18 h4 46. Qd4 {White mates.} (46. gxh4 Qg4+ 47. Kf1 (47. Kh2 Qxh4+ 48. Kg2 Qg4+ 49. Kf1 Qh3+ 50. Kg1 Qg4+ 51. Kh2 Qh4+ 52. Kg2 Qg4+ 53. Kh2 Qh4+ $11) 47... Qh3+ 48. Kg1 Qg4+ 49. Kh2 Qxh4+ 50. Kg2 Qg4+ 51. Kh2 Qh4+ 52. Kg2 Qg4+ 53. Kh2 Qh4+ $11) 46... h3 47. Qh4+ Kg6 48. Ra6+ ({Inferior is} 48. Qxh3 Qxf2+ 49. Kh1 Qf3+ 50. Kg1 Qf2+ 51. Kh1 Qf3+ 52. Kg1 Qf2+ $15) 0-1

[Event "EIWCC 2017"]
[Site "Riga"]
[Date "2017.04.19"]
[Round "8"]
[White "Badelka, Olga"]
[Black "Utiatskaja, Irina"]
[Result "1-0"]
[WhiteElo "2362"]
[BlackElo "2152"]
[Annotator "NA"]
[PlyCount "69"]
[EventDate "2017.??.??"]
[EventType "swiss"]
[EventCountry "LAT"]
[SourceTitle "playchess.com"]
[Source "ChessBase"]
[SourceQuality "1"]
[TimeControl "40/5400+30:1800+30"]

{[%evp 18,64,5,-4,8,-41,32767,32767,42,57,79,48,91,60,67,86,134,151,32767,32767,32767,32767,32767,94,111,75,120,98,293,32767,32767,32767,32767,233,278,280,291,271,321,345,32767,410,401,400,499,511,1031,1103,1366]} 1. c4 {[%emt 0:00:00]} g6 {[%emt 0:00:05]} 2. Nc3 {[%emt 0:00:00]} Bg7 3. g3 {[%emt 0:00:05]} c5 {[%emt 0:00:52]} 4. Bg2 {[%emt 0:00:05]} Nc6 {[%emt 0:00:25]} 5. d3 {[%emt 0:00:18]} e6 {[%emt 0:01:13]} 6. e4 {[%emt 0:04:40]} d6 {[%emt 0:00:52]} 7. Nge2 {[%emt 0:00:13]} Nge7 {[%emt 0:00:04]} 8. O-O {[%emt 0:00:06]} O-O {[%emt 0:00:03]} 9. Rb1 {[%emt 0:01:02]} b6 {[%emt 0:00:33]} 10. Be3 {[%emt 0:04:01] A36: Symmetrical English vs ...g6: 4 Bg2 Bg7} (10. a3 Bb7 11. b4 Qd7 12. Bg5 h6 13. Be3 Nd4 14. f4 f5 15. Qd2 Kh7 16. Rbe1 Rae8 17. Bf2 Nec6 18. b5 Nxe2+ 19. Nxe2 Nd4 20. Nxd4 cxd4 21. exf5 gxf5 22. Bxb7 Qxb7 {0-1 (30) Dominguez Perez,L (2732)-Wojtaszek,R (2727) Huaian 2016}) 10... Nd4 {[%emt 0:01:37]} 11. e5 {[%emt 0:11:39] LiveBook: 7 Games} Nxe2+ {[%emt 0:03:56]} 12. Qxe2 {[%emt 0:00:31]} d5 $146 {[%emt 0:01:32]} (12... Rb8 $1 $11 13. exd6 Nf5 14. Ne4 Nxe3 15. fxe3 f5 16. Nf2 Qxd6 17. Rfd1 h5 18. Nh3 {0-1 (60) Schischke,R (2360)-Skomorokhin,R (2460) Berlin 1993}) 13. Bg5 {[%emt 0:02:04]} Bb7 {[%emt 0:04:20]} 14. f4 {[%emt 0:02:03]} Re8 {[%emt 0:05:51]} (14... Qd7 $14) 15. Nb5 {[%emt 0:08:31]} Qd7 {[%emt 0:34:58]} 16. Nd6 {[%emt 0:00:26]} Red8 {[%emt 0:00:31]} ({Black should play} 16... Rf8 $14) 17. Rbe1 {[%emt 0:06:02]} Bf8 {[%emt 0:16:16]} 18. cxd5 {[%emt 0:02:33]} Bxd5 {[%emt 0:00:05]} 19. Bxd5 {[%emt 0:00:14]} Nxd5 {[%emt 0:00:12]} 20. Bxd8 {[%emt 0:00:27]} Bxd6 {[%emt 0:00:03]} 21. Bh4 {[%emt 0:01:25]} ({Of course not} 21. exd6 $6 Rxd8 22. a3 (22. Qe5 Nb4 23. Re3 Qxd6 $11) 22... Qxd6 $11) 21... Bf8 {[%emt 0:00:06]} 22. a3 {[%emt 0:00:29]} c4 $2 {[%emt 0:03:37]} (22... Be7 $16 {was called for.}) 23. dxc4 {[%emt 0:04:51]} Bc5+ {[%emt 0:00:05]} 24. Kh1 {[%emt 0:00:07]} Ne3 {[%emt 0:00:05]} 25. Rf3 {[%emt 0:00:30]} (25. Qf3 $142 Rc8 26. Rxe3 Bxe3 27. Qxe3) 25... Qc6 {[%emt 0:00:31]} 26. b4 {[%emt 0:04:16]} Bd4 {[%emt 0:06:05]} 27. h3 {[%emt 0:02:28]} Nxc4 {[%emt 0:06:42]} 28. Kh2 {[%emt 0:01:35]} b5 {[%emt 0:01:27]} 29. Rd3 {[%emt 0:00:55]} Bb6 {[%emt 0:01:39]} 30. a4 {[%emt 0:02:11]} a6 {[%emt 0:03:46]} 31. a5 {[%emt 0:00:36]} Ba7 {[%emt 0:01:22]} 32. Red1 {[%emt 0:01:57]} h6 $18 {[%emt 0:04:47]} 33. Rd8+ {[%emt 0:01:49]} Kh7 {[%emt 0:00:08]} 34. Rxa8 {[%emt 0:00:37]} Qxa8 {[%emt 0:00:09]} 35. Rd8 {[%emt 0:00:18]} 1-0